[Event "Schleinich mem"]
[Site "Calgary CAN"]
[Date "2009.01.02"]
[Round "1"]
[White "Vasilev, Stephan"]
[Black "Yearwood, Roy"]
[Result "1-0"]
[WhiteElo "2091"]
[BlackElo "2105"]
[PlyCount "113"]
[GameId "2160767910281781"]
[EventDate "2009.01.02"]
[EventType "tourn"]
[EventRounds "5"]
[EventCountry "CAN"]
[SourceTitle "EXT 2011"]
[Source "ChessBase"]
[SourceDate "2011.11.26"]
[SourceVersion "1"]
[SourceVersionDate "2011.11.26"]
[SourceQuality "1"]

1. b4 Nc6 2. b5 Ne5 3. d4 Ng6 4. e4 c6 5. h4 h5 6. f4 e6 7. Nf3 d5 8. e5 c5 9. Bd3 c4 10. Bxg6 fxg6 11. c3 Nh6 12. Ng5 Be7 13. a4 O-O 14. Qc2 Qe8 15. g3 Nf5 16. Kf2 a6 17. Ba3 axb5 18. axb5 Qxb5 19. g4 Nxh4 20. Kg3 Bxg5 21. fxg5 Nf5+ 22. gxf5 Rxf5 23. Qc1 Qe8 24. Rf1 Qf7 25. Rxf5 Qxf5 26. Qf4 h4+ 27. Kf3 Qh3+ 28. Kf2 Bd7 29. Nd2 Qxc3 30. Bb2 Qg3+ 31. Qxg3 hxg3+ 32. Kxg3 Rxa1 33. Bxa1 Kf7 34. Bc3 Ba4 35. Kf2 Bc2 36. Ke1 Ke8 37. Nf1 Bd3 38. Ne3 Kf7 39. Kd2 Ke8 40. Bb4 Kf7 41. Kc3 Ke8 42. Bd6 Kf7 43. Kb4 Ke8 44. Nd1 Bc2 45. Nc3 Bf5 46. Kc5 Bd3 47. Kb6 Bf5 48. Kxb7 Bh3 49. Kc8 Bg4 50. Bb4 Bh3 51. Nb5 Kf7 52. Kd7 Bg4 53. Nd6+ Kg8 54. Ke7 Bh3 55. Ne8 Bf5 56. Nc7 Bh3 57. Nxe6 1-0

[Event "Schleinich mem"]
[Site "Calgary CAN"]
[Date "2009.01.03"]
[Round "2"]
[White "Bentley, Bill"]
[Black "Usselman, Paul"]
[Result "1/2-1/2"]
[WhiteElo "1883"]
[BlackElo "1929"]
[PlyCount "49"]
[GameId "2160767910281782"]
[EventDate "2009.01.02"]
[EventType "tourn"]
[EventRounds "5"]
[EventCountry "CAN"]
[SourceTitle "EXT 2011"]
[Source "ChessBase"]
[SourceDate "2011.11.26"]
[SourceVersion "1"]
[SourceVersionDate "2011.11.26"]
[SourceQuality "1"]

1. d4 Nf6 2. c4 e6 3. Nf3 d5 4. Bg5 Nbd7 5. e3 Bb4+ 6. Nbd2 O-O 7. a3 Be7 8. Bd3 c5 9. cxd5 Nxd5 10. Bxe7 Qxe7 11. O-O cxd4 12. Nxd4 N7f6 13. Qf3 Rd8 14. Ne4 Bd7 15. Rac1 Rac8 16. Rfd1 a6 17. b4 Nxe4 18. Bxe4 Ba4 19. Re1 Rc7 20. Rxc7 Qxc7 21. Qh3 Nf6 22. Qf3 Qc3 23. Rf1 Qxa3 24. Bxb7 Qxb4 25. Bxa6 1/2-1/2

[Event "Schleinich mem"]
[Site "Calgary CAN"]
[Date "2009.01.03"]
[Round "2"]
[White "Haessel, Dale"]
[Black "Vasilev, Stephan"]
[Result "1-0"]
[WhiteElo "2274"]
[BlackElo "2091"]
[PlyCount "62"]
[GameId "2160767910281783"]
[EventDate "2009.01.02"]
[EventType "tourn"]
[EventRounds "5"]
[EventCountry "CAN"]
[SourceTitle "EXT 2011"]
[Source "ChessBase"]
[SourceDate "2011.11.26"]
[SourceVersion "1"]
[SourceVersionDate "2011.11.26"]
[SourceQuality "1"]

1. d4 d5 2. c4 e6 3. Nf3 Nf6 4. g3 Be7 5. Bg2 O-O 6. O-O b6 7. Qc2 c5 8. cxd5 exd5 9. Nc3 Nc6 10. Rd1 Nb4 11. Qb1 c4 12. Ne5 Bb7 13. Nxc4 Rc8 14. Ne5 h6 15. Bf4 Nh5 16. Be3 Qd6 17. a3 Na6 18. Nb5 Qe6 19. Nxa7 Rcd8 20. Rc1 Bd6 21. Nb5 Bb8 22. Qd3 f5 23. f4 Nf6 24. Rc2 Ne4 25. Rac1 Bxe5 26. fxe5 Rd7 27. Qb3 Kh8 28. Bxe4 fxe4 29. Nd6 h5 30. Nxe4 h4 31. Ng5 Qg4 1-0

[Event "Schleinich mem"]
[Site "Calgary CAN"]
[Date "2009.01.03"]
[Round "2"]
[White "Lazo, Jan Edmund"]
[Black "Tam, Eric"]
[Result "0-1"]
[WhiteElo "2053"]
[BlackElo "1993"]
[PlyCount "74"]
[GameId "2160767910281784"]
[EventDate "2009.01.02"]
[EventType "tourn"]
[EventRounds "5"]
[EventCountry "CAN"]
[SourceTitle "EXT 2011"]
[Source "ChessBase"]
[SourceDate "2011.11.26"]
[SourceVersion "1"]
[SourceVersionDate "2011.11.26"]
[SourceQuality "1"]

1. e4 c5 2. Nf3 g6 3. c3 Bg7 4. d4 cxd4 5. cxd4 d5 6. e5 Nc6 7. Nc3 Bg4 8. Be3 Bxe5 9. dxe5 d4 10. Qa4 Bxf3 11. gxf3 dxe3 12. fxe3 Qb6 13. O-O-O Qxe3+ 14. Kb1 Qxe5 15. Bb5 Qf5+ 16. Ka1 Qc8 17. Nd5 Kf8 18. Rhe1 e6 19. Qa3+ Kg7 20. Qc3+ f6 21. Nb4 Nge7 22. Rd6 Rd8 23. Qc5 Nxb4 24. Qxb4 Nf5 25. Rdd1 Qc7 26. Rc1 Qxh2 27. Rxe6 Rac8 28. Rce1 Rc7 29. a3 Qd2 30. Qb3 Rc1+ 31. Rxc1 Qxc1+ 32. Ka2 Qc5 33. Bd3 Rd7 34. Re8 Nd4 35. Qg8+ Kh6 36. Bc4 Rg7 37. Qh8 Qxc4+ 0-1

[Event "Schleinich mem"]
[Site "Calgary CAN"]
[Date "2009.01.03"]
[Round "2"]
[White "Milne, Arthur"]
[Black "Daniluk, Jim"]
[Result "1/2-1/2"]
[WhiteElo "1883"]
[BlackElo "1929"]
[PlyCount "46"]
[GameId "2160767910281785"]
[EventDate "2009.01.02"]
[EventType "tourn"]
[EventRounds "5"]
[EventCountry "CAN"]
[SourceTitle "EXT 2011"]
[Source "ChessBase"]
[SourceDate "2011.11.26"]
[SourceVersion "1"]
[SourceVersionDate "2011.11.26"]
[SourceQuality "1"]

1. e4 c5 2. Nc3 Nc6 3. f4 g6 4. Nf3 Bg7 5. Bb5 Nd4 6. O-O Nxb5 7. Nxb5 d6 8. d3 Nf6 9. Kh1 Bd7 10. Nc3 Bc6 11. Qe1 Qd7 12. Be3 O-O 13. Qh4 Qg4 14. Qxg4 Nxg4 15. Bg1 Nf6 16. Rae1 Bh6 17. Nd2 b6 18. Nc4 Rad8 19. Be3 d5 20. Ne5 Bb7 21. Bc1 dxe4 22. dxe4 Rd4 23. Nf3 Rdd8 1/2-1/2

[Event "Schleinich mem"]
[Site "Calgary CAN"]
[Date "2009.01.03"]
[Round "2"]
[White "Pedersen, Rick"]
[Black "Zhang, David"]
[Result "1-0"]
[WhiteElo "1891"]
[BlackElo "1935"]
[PlyCount "81"]
[GameId "2160767910281786"]
[EventDate "2009.01.02"]
[EventType "tourn"]
[EventRounds "5"]
[EventCountry "CAN"]
[SourceTitle "EXT 2011"]
[Source "ChessBase"]
[SourceDate "2011.11.26"]
[SourceVersion "1"]
[SourceVersionDate "2011.11.26"]
[SourceQuality "1"]

1. d3 d5 2. g3 e5 3. Nf3 Bd6 4. Nbd2 Nf6 5. Bg2 O-O 6. O-O c6 7. e4 Bg4 8. h3 Bh5 9. c3 Re8 10. Re1 Nbd7 11. Nf1 Bg6 12. Nh4 dxe4 13. dxe4 Bc5 14. Nxg6 hxg6 15. Qe2 Qe7 16. a4 a5 17. Bg5 Rad8 18. Ne3 Nf8 19. Nc4 Qc7 20. Rad1 Ne6 21. Be3 Nd7 22. Qc2 b5 23. Bxc5 Ndxc5 24. axb5 cxb5 25. Ne3 Na6 26. Nd5 Qc5 27. Rd2 Nec7 28. Red1 Nxd5 29. exd5 f5 30. d6 e4 31. Qb3+ Qc4 32. Qxc4+ bxc4 33. Bf1 Nc5 34. Bxc4+ Kh7 35. Rd5 Na4 36. Bb5 Nb6 37. Bxe8 Nxd5 38. Rxd5 Rxe8 39. c4 Kg8 40. c5 Kf7 41. c6 1-0

[Event "Schleinich mem"]
[Site "Calgary CAN"]
[Date "2009.01.03"]
[Round "2"]
[White "Razzaq, Ali"]
[Black "Miller, Brian"]
[Result "0-1"]
[WhiteElo "1809"]
[BlackElo "1853"]
[PlyCount "72"]
[GameId "2160767910281788"]
[EventDate "2009.01.02"]
[EventType "tourn"]
[EventRounds "5"]
[EventCountry "CAN"]
[SourceTitle "EXT 2011"]
[Source "ChessBase"]
[SourceDate "2011.11.26"]
[SourceVersion "1"]
[SourceVersionDate "2011.11.26"]
[SourceQuality "1"]

1. d4 d5 2. c4 e6 3. Nc3 Nf6 4. Nf3 Be7 5. e3 O-O 6. Bd3 dxc4 7. Bxc4 b6 8. O-O Bb7 9. Qe2 c5 10. dxc5 Bxc5 11. Rd1 Qc8 12. e4 Ng4 13. Be3 Nxe3 14. fxe3 Bxe3+ 15. Qxe3 Qxc4 16. Rac1 Qb4 17. Rd2 Na6 18. Qf4 Rad8 19. Rcd1 Rxd2 20. Rxd2 Qe7 21. Ne5 Nb8 22. h3 f6 23. Ng4 Rd8 24. Rf2 e5 25. Qg3 Kh8 26. Ne3 Rd3 27. Nf5 Qd7 28. Qh4 Na6 29. g4 Rd2 30. Rf3 Rc2 31. Nxg7 Qd4+ 32. Kf1 Nc5 33. Nf5 Ba6+ 34. Ne2 Bxe2+ 35. Kg2 Bxf3+ 36. Kxf3 Qxe4+ 0-1

[Event "Schleinich mem"]
[Site "Calgary CAN"]
[Date "2009.01.03"]
[Round "2"]
[White "Wang, Yuekai"]
[Black "Sequillion, Aaron"]
[Result "1/2-1/2"]
[WhiteElo "1848"]
[BlackElo "1845"]
[PlyCount "115"]
[GameId "2160767910281789"]
[EventDate "2009.01.02"]
[EventType "tourn"]
[EventRounds "5"]
[EventCountry "CAN"]
[SourceTitle "EXT 2011"]
[Source "ChessBase"]
[SourceDate "2011.11.26"]
[SourceVersion "1"]
[SourceVersionDate "2011.11.26"]
[SourceQuality "1"]

1. e4 c5 2. Nc3 Nc6 3. g3 g6 4. Bg2 Bg7 5. Nge2 e6 6. d3 Nge7 7. f4 d6 8. O-O O-O 9. Be3 Nd4 10. Rb1 Qa5 11. a3 Nec6 12. Bd2 Qa6 13. Qc1 c4 14. dxc4 Qxc4 15. Nxd4 Nxd4 16. Rf2 Rb8 17. Be3 a6 18. Qd1 Nb5 19. Nxb5 Qxb5 20. Qxd6 Bd7 21. Qb6 Qxb6 22. Bxb6 Rbc8 23. e5 Bc6 24. Rd1 Bxg2 25. Kxg2 Rc6 26. Rd6 Rfc8 27. Rxc6 Rxc6 28. Bd4 Kf8 29. Bc3 Ke8 30. Rd2 Bf8 31. Kf2 Bxa3 32. g4 b5 33. Bd4 Bc5 34. c3 Ke7 35. h4 a5 36. Ke3 b4 37. Bxc5+ Rxc5 38. cxb4 axb4 39. Rd4 b3 40. Rb4 Rc2 41. Rxb3 Rh2 42. h5 gxh5 43. gxh5 Rxh5 44. Rd3 Rh2 45. b3 h5 46. Kf3 Rh3+ 47. Ke2 Rh2+ 48. Kf1 f6 49. Re3 Rb2 50. Rh3 fxe5 51. fxe5 Kd7 52. Ke1 Kc6 53. Kd1 Kd5 54. Kc1 Re2 55. Rxh5 Rxe5 56. Rh2 Kd4 57. Kd2 Re4 58. Rh3 1/2-1/2

[Event "Schleinich mem"]
[Site "Calgary CAN"]
[Date "2009.01.03"]
[Round "2"]
[White "Wojtas, Artur"]
[Black "Daniluk, Jim"]
[Result "0-1"]
[WhiteElo "1914"]
[BlackElo "1929"]
[PlyCount "62"]
[GameId "2160767910281790"]
[EventDate "2009.01.02"]
[EventType "tourn"]
[EventRounds "5"]
[EventCountry "CAN"]
[SourceTitle "EXT 2011"]
[Source "ChessBase"]
[SourceDate "2011.11.26"]
[SourceVersion "1"]
[SourceVersionDate "2011.11.26"]
[SourceQuality "1"]

1. e4 c5 2. Nf3 Nc6 3. Bb5 g6 4. Bxc6 dxc6 5. d3 Bg7 6. O-O b6 7. Nc3 e5 8. b3 Qe7 9. a4 a5 10. Qe2 Nf6 11. Bg5 h6 12. Bxf6 Qxf6 13. Nd1 h5 14. Ne3 Rb8 15. Nc4 Qe7 16. Qd2 Bg4 17. Qe3 Bh6 18. Qe2 h4 19. h3 Bh5 20. Ncd2 g5 21. Qe1 g4 22. hxg4 Bxg4 23. Nh2 Bh5 24. Nc4 Bf4 25. Kh1 Rg8 26. Rg1 Qg5 27. Nxb6 Bxh2 28. Kxh2 Qf4+ 29. g3 hxg3+ 30. Rxg3 Bf3 31. Kg1 Rh8 0-1

[Event "Schleinich mem"]
[Site "Calgary CAN"]
[Date "2009.01.03"]
[Round "2"]
[White "Wojtas, Artur"]
[Black "Harris, Adam"]
[Result "1-0"]
[WhiteElo "1914"]
[BlackElo "1905"]
[PlyCount "131"]
[GameId "2160767910281791"]
[EventDate "2009.01.02"]
[EventType "tourn"]
[EventRounds "5"]
[EventCountry "CAN"]
[SourceTitle "EXT 2011"]
[Source "ChessBase"]
[SourceDate "2011.11.26"]
[SourceVersion "1"]
[SourceVersionDate "2011.11.26"]
[SourceQuality "1"]

1. e4 c5 2. Nf3 e6 3. b3 Nc6 4. Bb5 Qc7 5. Bb2 d6 6. O-O Bd7 7. d4 cxd4 8. Nxd4 Nf6 9. Qe2 Be7 10. c4 O-O 11. Bxc6 Bxc6 12. Nc3 a6 13. Rfe1 Rfe8 14. Rad1 Rad8 15. Rd3 Nd7 16. Rh3 g6 17. Qe3 Bf8 18. Qg5 Ne5 19. Nxc6 Qxc6 20. Qh4 h5 21. Rg3 Bg7 22. h3 b5 23. cxb5 axb5 24. Rc1 Qb6 25. Nd1 Rc8 26. Qf4 Rxc1 27. Qxc1 Qc5 28. Rc3 Qb6 29. Qd2 Rd8 30. Ne3 Nd7 31. Rc1 Bxb2 32. Qxb2 Nc5 33. Qd4 Nd7 34. Qxb6 Nxb6 35. Rc6 Nc8 36. Kf1 d5 37. exd5 exd5 38. Nxd5 Rxd5 39. Rxc8+ Kg7 40. Rc2 b4 41. Rc4 Ra5 42. Rxb4 Rxa2 43. g4 hxg4 44. hxg4 g5 45. Rb6 Rd2 46. Kg2 Kh7 47. Kf3 Kg7 48. Ke3 f6 49. f3 Kg6 50. Rb5 Rd1 51. Ke2 Rb1 52. Kd3 Rd1+ 53. Kc2 Rf1 54. Rf5 Ra1 55. b4 Kf7 56. Kc3 Ke7 57. Kc4 Rc1+ 58. Kb5 Rc2 59. Kb6 Rc3 60. b5 Rd3 61. Kc6 Rc3+ 62. Kb7 Rb3 63. b6 Rb2 64. Kc7 Rc2+ 65. Kb8 Rc3 66. b7 1-0

[Event "Schleinich mem"]
[Site "Calgary CAN"]
[Date "2009.01.03"]
[Round "2"]
[White "Zhang, David"]
[Black "Wojtas, Artur"]
[Result "1-0"]
[WhiteElo "1935"]
[BlackElo "1914"]
[PlyCount "65"]
[GameId "2160767910281792"]
[EventDate "2009.01.02"]
[EventType "tourn"]
[EventRounds "5"]
[EventCountry "CAN"]
[SourceTitle "EXT 2011"]
[Source "ChessBase"]
[SourceDate "2011.11.26"]
[SourceVersion "1"]
[SourceVersionDate "2011.11.26"]
[SourceQuality "1"]

1. e4 c5 2. Nf3 Nc6 3. d4 cxd4 4. Nxd4 g6 5. Nc3 Bg7 6. Be3 Nf6 7. Bc4 Qa5 8. f3 Qb4 9. Bb3 O-O 10. a3 Qa5 11. Qd2 Nxd4 12. Bxd4 d6 13. O-O-O b5 14. g4 Be6 15. g5 Nh5 16. Bxg7 Nxg7 17. Nd5 Qxd2+ 18. Rxd2 Bxd5 19. Bxd5 Rac8 20. Rd3 a5 21. Bb3 Rc5 22. Rd5 Rfc8 23. a4 b4 24. Rhd1 Ne8 25. Rxc5 Rxc5 26. Rd5 Nc7 27. Rxc5 dxc5 28. Bd5 Kf8 29. Kd2 e6 30. Bb7 Ke7 31. Kd3 Kd6 32. Kc4 e5 33. Bd5 1-0

[Event "Schleinich mem"]
[Site "Calgary CAN"]
[Date "2009.01.03"]
[Round "3"]
[White "Daniluk, Jim"]
[Black "Zhang, David"]
[Result "1/2-1/2"]
[WhiteElo "1929"]
[BlackElo "1935"]
[PlyCount "52"]
[GameId "2160767910281793"]
[EventDate "2009.01.02"]
[EventType "tourn"]
[EventRounds "5"]
[EventCountry "CAN"]
[SourceTitle "EXT 2011"]
[Source "ChessBase"]
[SourceDate "2011.11.26"]
[SourceVersion "1"]
[SourceVersionDate "2011.11.26"]
[SourceQuality "1"]

1. d4 d5 2. Nf3 Nf6 3. c4 c6 4. Nc3 e6 5. g3 Nbd7 6. Bg2 Bd6 7. Qc2 O-O 8. e4 dxe4 9. Ng5 e5 10. dxe5 Bxe5 11. O-O h6 12. Ngxe4 Nxe4 13. Nxe4 Nf6 14. Be3 Nxe4 15. Bxe4 Qf6 16. Rab1 Bh3 17. Rfd1 Rfd8 18. Rxd8+ Rxd8 19. Qb3 Bf5 20. Bxf5 Qxf5 21. Rf1 b6 22. Qa4 Qd7 23. b4 Bf6 24. Rc1 h5 25. h4 Be5 26. Kg2 Bf6 1/2-1/2

[Event "Schleinich mem"]
[Site "Calgary CAN"]
[Date "2009.01.03"]
[Round "3"]
[White "Sequillion, Aaron"]
[Black "Razzaq, Ali"]
[Result "1-0"]
[WhiteElo "1845"]
[BlackElo "1809"]
[PlyCount "49"]
[GameId "2160767910281794"]
[EventDate "2009.01.02"]
[EventType "tourn"]
[EventRounds "5"]
[EventCountry "CAN"]
[SourceTitle "EXT 2011"]
[Source "ChessBase"]
[SourceDate "2011.11.26"]
[SourceVersion "1"]
[SourceVersionDate "2011.11.26"]
[SourceQuality "1"]

1. e4 c6 2. d4 d5 3. e5 Bf5 4. Nf3 e6 5. Be2 Nd7 6. O-O c5 7. Be3 Qb6 8. Nc3 Qxb2 9. Nb5 Kd8 10. Ng5 Nh6 11. g4 Bxg4 12. Nxf7+ Nxf7 13. Rb1 Bxe2 14. Qxe2 Qxa2 15. Qg4 Qa6 16. c4 Qc6 17. dxc5 Ndxe5 18. Qg3 Nxc4 19. Nxa7 Qc7 20. Qh3 Rxa7 21. Qxe6 Nxe3 22. fxe3 Bxc5 23. Rxf7 Bxe3+ 24. Kh1 Qc6 25. Qxc6 1-0

[Event "Schleinich mem"]
[Site "Calgary CAN"]
[Date "2009.01.03"]
[Round "3"]
[White "Tam, Eric"]
[Black "Pua, Richard"]
[Result "1-0"]
[WhiteElo "1993"]
[BlackElo "1981"]
[PlyCount "43"]
[GameId "2160767910281795"]
[EventDate "2009.01.02"]
[EventType "tourn"]
[EventRounds "5"]
[EventCountry "CAN"]
[SourceTitle "EXT 2011"]
[Source "ChessBase"]
[SourceDate "2011.11.26"]
[SourceVersion "1"]
[SourceVersionDate "2011.11.26"]
[SourceQuality "1"]

1. d4 Nf6 2. Nf3 b6 3. Bg5 Ne4 4. Bh4 d5 5. Nfd2 Bf5 6. f3 Nxd2 7. Qxd2 Qc8 8. Nc3 e6 9. e4 dxe4 10. fxe4 Bg6 11. a3 Be7 12. Bxe7 Kxe7 13. h4 f6 14. h5 Bf7 15. g4 Rd8 16. O-O-O Nc6 17. d5 Ne5 18. g5 Nf3 19. gxf6+ gxf6 20. Qf4 Ne5 21. Bh3 Bxh5 22. Bxe6 1-0

[Event "Schleinich mem"]
[Site "Calgary CAN"]
[Date "2009.01.03"]
[Round "3"]
[White "Vasilev, Stephan"]
[Black "Lazo, Jan Edmund"]
[Result "1-0"]
[WhiteElo "2091"]
[BlackElo "2053"]
[PlyCount "41"]
[GameId "2160767910281796"]
[EventDate "2009.01.02"]
[EventType "tourn"]
[EventRounds "5"]
[EventCountry "CAN"]
[SourceTitle "EXT 2011"]
[Source "ChessBase"]
[SourceDate "2011.11.26"]
[SourceVersion "1"]
[SourceVersionDate "2011.11.26"]
[SourceQuality "1"]

1. g4 d5 2. Bg2 Bxg4 3. c4 c6 4. cxd5 cxd5 5. Qb3 e6 6. Qa4+ Nc6 7. Qxg4 Nf6 8. Qa4 Bd6 9. d4 O-O 10. Nf3 Rc8 11. Nc3 Qb6 12. O-O Na5 13. Qb5 Qc7 14. h3 a6 15. Qd3 Nc4 16. e4 dxe4 17. Nxe4 Nd5 18. b3 Ncb6 19. Nfg5 Nf4 20. Bxf4 Bxf4 21. Nf6+ 1-0

[Event "Schleinich mem"]
[Site "Calgary CAN"]
[Date "2009.01.03"]
[Round "3"]
[White "Yearwood, Roy"]
[Black "Haessel, Dale"]
[Result "0-1"]
[WhiteElo "2105"]
[BlackElo "2274"]
[PlyCount "34"]
[GameId "2160767910281797"]
[EventDate "2009.01.02"]
[EventType "tourn"]
[EventRounds "5"]
[EventCountry "CAN"]
[SourceTitle "EXT 2011"]
[Source "ChessBase"]
[SourceDate "2011.11.26"]
[SourceVersion "1"]
[SourceVersionDate "2011.11.26"]
[SourceQuality "1"]

1. e4 e5 2. Nc3 Nf6 3. Nf3 Bb4 4. Nd5 Nxd5 5. exd5 O-O 6. c3 e4 7. cxb4 exf3 8. Qxf3 Qe7+ 9. Qe3 Qxb4 10. Bd3 d6 11. O-O Nd7 12. Qe4 Qxe4 13. Bxe4 Nf6 14. d3 Re8 15. f3 h6 16. Bf4 Nh5 17. Rae1 f5 0-1

[Event "Schleinich mem"]
[Site "Calgary CAN"]
[Date "2009.01.04"]
[Round "5"]
[White "Haessel, Dale"]
[Black "Lazo, Jan Edmund"]
[Result "1-0"]
[WhiteElo "2274"]
[BlackElo "2053"]
[PlyCount "43"]
[GameId "2160767910285895"]
[EventDate "2009.01.02"]
[EventType "tourn"]
[EventRounds "5"]
[EventCountry "CAN"]
[SourceTitle "EXT 2011"]
[Source "ChessBase"]
[SourceDate "2011.11.26"]
[SourceVersion "1"]
[SourceVersionDate "2011.11.26"]
[SourceQuality "1"]

1. d4 Nf6 2. c4 e6 3. Nf3 b6 4. e3 Bb7 5. Bd3 Be7 6. Nc3 d5 7. O-O O-O 8. b3 c5 9. cxd5 cxd4 10. Nxd4 Nxd5 11. Bb2 Bf6 12. Ne4 Be7 13. Qh5 g6 14. Qh6 Nf6 15. Rfd1 Re8 16. Nxe6 fxe6 17. Nxf6+ Bxf6 18. Bxg6 Qe7 19. Bxf6 Qxf6 20. Qxh7+ Kf8 21. Qxb7 Qxg6 22. Qxa8 1-0

[Event "Schleinich mem"]
[Site "Calgary CAN"]
[Date "2009.01.04"]
[Round "5"]
[White "Vasilev, Stephan"]
[Black "Pua, Richard"]
[Result "1-0"]
[WhiteElo "2091"]
[BlackElo "1981"]
[PlyCount "75"]
[GameId "2160767910285896"]
[EventDate "2009.01.02"]
[EventType "tourn"]
[EventRounds "5"]
[EventCountry "CAN"]
[SourceTitle "EXT 2011"]
[Source "ChessBase"]
[SourceDate "2011.11.26"]
[SourceVersion "1"]
[SourceVersionDate "2011.11.26"]
[SourceQuality "1"]

1. e4 e5 2. Nf3 Nf6 3. Nc3 Nc6 4. Bb5 Bb4 5. O-O O-O 6. d3 d6 7. Bg5 Bxc3 8. bxc3 Qe7 9. Re1 Nd8 10. d4 Bg4 11. h3 Bh5 12. g4 Bg6 13. d5 c6 14. Bf1 cxd5 15. exd5 Rc8 16. c4 b5 17. cxb5 Bxc2 18. Qd2 Bg6 19. Rac1 Nb7 20. Nd4 Qd7 21. Bxf6 gxf6 22. Nc6 Nc5 23. f4 Rc7 24. f5 Bxf5 25. gxf5 Qxf5 26. Rc4 Kh8 27. Rg4 Qh5 28. Re2 h6 29. Reg2 f5 30. Rg7 Ne4 31. Qe3 Ng5 32. R7xg5 hxg5 33. Nxe5 f6 34. Nc6 Re8 35. Qd4 Kg7 36. Qb4 Rd7 37. Nd4 Re4 38. Nxf5+ 1-0

[Event "Schleinich mem"]
[Site "Calgary CAN"]
[Date "2009.01.04"]
[Round "5"]
[White "Yearwood, Roy"]
[Black "Tam, Eric"]
[Result "1-0"]
[WhiteElo "2105"]
[BlackElo "1993"]
[PlyCount "125"]
[GameId "2160767910285897"]
[EventDate "2009.01.02"]
[EventType "tourn"]
[EventRounds "5"]
[EventCountry "CAN"]
[SourceTitle "EXT 2011"]
[Source "ChessBase"]
[SourceDate "2011.11.26"]
[SourceVersion "1"]
[SourceVersionDate "2011.11.26"]
[SourceQuality "1"]

1. Nc3 d5 2. d4 Nf6 3. Bg5 Nbd7 4. e3 e6 5. f4 c5 6. Nf3 Qa5 7. Bxf6 Nxf6 8. Ne5 c4 9. Be2 Ne4 10. O-O Nxc3 11. bxc3 f6 12. Bh5+ Ke7 13. Qg4 Qxc3 14. Rae1 Bd7 15. Nxd7 Kxd7 16. f5 e5 17. Bf7 Kc6 18. e4 Qxd4+ 19. Kh1 Kc7 20. Bxd5 Rd8 21. Bxb7 h5 22. Qe2 Bb4 23. Rd1 Bd2 24. Bd5 Rxd5 25. Rxd2 Qxd2 26. Qxc4+ Kd7 27. exd5 Rc8 28. Qb5+ Kd8 29. c4 Qd4 30. Rc1 Qb6 31. Qa4 Qe3 32. Qa5+ Qb6 33. Qa3 Qc5 34. Qb3 Qb6 35. h3 Qxb3 36. axb3 a5 37. Kg1 Rb8 38. Rc3 Kc7 39. c5 Rb4 40. d6+ Kc6 41. Rd3 Rb8 42. Rc3 Rb4 43. Kf2 Rd4 44. Ke3 Rb4 45. Kd3 Rd4+ 46. Kc2 e4 47. Kb2 h4 48. Ka3 Rd2 49. Rc4 Rd5 50. Rxe4 Rxc5 51. Rxh4 Rxf5 52. Rd4 Kd7 53. g4 Re5 54. Ka4 Rc5 55. Rc4 Re5 56. Rc7+ Kxd6 57. Rxg7 Kc6 58. Rg6 Kc5 59. Rxf6 Re1 60. Rf5+ Kb6 61. Rb5+ Kc6 62. Kxa5 Rh1 63. Rh5 1-0

[Event "Sherbrooke op"]
[Site "Sherbrooke CAN"]
[Date "2009.05.22"]
[Round "1"]
[White "Regan, Kenneth"]
[Black "Gravel, Eric"]
[Result "1-0"]
[WhiteElo "2391"]
[BlackElo "1727"]
[PlyCount "31"]
[GameId "2160767910156632"]
[EventDate "2009.05.22"]
[EventType "swiss"]
[EventRounds "5"]
[EventCountry "CAN"]

1. e4 e5 2. Bc4 Nf6 3. d3 Nc6 4. Nf3 Bc5 5. c3 d6 6. Bb3 Bg4 7. h3 Bh5 8. g4 Bg6 9. Bg5 h5 10. Rg1 hxg4 11. hxg4 Qd7 12. Bxf6 gxf6 13. Nbd2 Ne7 14. Qe2 Bh7 15. Nh4 Bxe4 16. Nxe4 1-0

[Event "Sherbrooke op"]
[Site "Sherbrooke CAN"]
[Date "2009.05.23"]
[Round "2"]
[White "Lemelin, Marc"]
[Black "Regan, Kenneth"]
[Result "0-1"]
[WhiteElo "1633"]
[BlackElo "2391"]
[PlyCount "108"]
[GameId "2160767910156633"]
[EventDate "2009.05.22"]
[EventType "swiss"]
[EventRounds "5"]
[EventCountry "CAN"]

1. d4 Nf6 2. c4 e6 3. Nc3 Bb4 4. f3 d5 5. a3 Bxc3+ 6. bxc3 b6 7. cxd5 exd5 8. c4 O-O 9. cxd5 Qxd5 10. e4 Re8 11. e5 c5 12. Kf2 Rxe5 13. Bc4 Qxd4+ 14. Qxd4 cxd4 15. Bb2 Rc5 16. Bd3 Ba6 17. Bxd4 Bxd3 18. Bxc5 bxc5 19. Nh3 Nbd7 20. Nf4 Ba6 21. Rad1 c4 22. Nd5 Nxd5 23. Rxd5 Nb6 24. Ra5 Bb7 25. Rd1 Kf8 26. Rd4 c3 27. Rc5 Nd5 28. Rdc4 Ke7 29. g3 Kd6 30. f4 Nb6 31. Rxc3 Na4 32. Rb5 Nxc3 33. Rxb7 Ke6 34. f5+ Kf6 35. g4 h6 36. h4 h5 37. g5+ Kxf5 38. Rxf7+ Kg6 39. Rd7 Rf8+ 40. Ke3 Rf7 41. Rd6+ Kf5 42. Kd3 Rc7 43. Rd4 Ke5 44. Rd8 Nd5 45. a4 Nf4+ 46. Kd2 Ng6 47. Re8+ Re7 48. Rb8 Nxh4 49. a5 Nf3+ 50. Ke2 Nxg5 51. a6 Rf7 52. Rb5+ Kf4 53. Kf2 Ne4+ 54. Kg2 g5 0-1

[Event "Sherbrooke op"]
[Site "Sherbrooke CAN"]
[Date "2009.05.23"]
[Round "3"]
[White "Regan, Kenneth"]
[Black "Leclerc, Luc-Olivier"]
[Result "1-0"]
[WhiteElo "2391"]
[BlackElo "1488"]
[PlyCount "45"]
[GameId "2160767910156634"]
[EventDate "2009.05.22"]
[EventType "swiss"]
[EventRounds "5"]
[EventCountry "CAN"]

1. e4 d6 2. d4 Nf6 3. Nc3 g6 4. Bc4 Bg7 5. Qe2 O-O 6. e5 Nfd7 7. e6 fxe6 8. Bxe6+ Kh8 9. Nf3 Nb6 10. Ng5 Nc6 11. d5 Nd4 12. Qe4 Bxe6 13. dxe6 d5 14. Qh4 h6 15. Nf7+ Rxf7 16. exf7 e5 17. Qxd8+ Rxd8 18. Kd1 Rf8 19. a4 c6 20. a5 Nc4 21. b3 Nd6 22. Ba3 N4b5 23. Nxb5 1-0